PEDAGOGICKÉ ASPEKTY INTERAKCIE TRÉNER - ŠPORTOVEC (HRÁČ)

Bibliographic Details
Main Author: Pavlíková, Anna (Author)
Format: Article
Language:Slovak

MARC

LEADER 00000nab a2200000uu 4500
001 vtls010903626
003 SK-MaSNL
005 20260303142416.0
008 230222|1995 xo |||||||||||||||||slo|
015 |a SNBRB 
035 |a (urnnbn)urn:nbn:sk:snk:ar-a07rji 
035 |a (uuid)7da30159-258d-40b4-b1a1-e24685e94930 
035 |a urn:nbn:sk:snk-ab8um7 
040 |a SNKBUCL  |b slo  |c SNKBUCL  |e AACR2 
041 0 |a slo 
044 |a xo  |c SK 
100 1 |a Pavlíková, Anna  |4 aut  |9 7912 
245 1 0 |a PEDAGOGICKÉ ASPEKTY INTERAKCIE TRÉNER - ŠPORTOVEC (HRÁČ)  |c Anna Pavlíková 
773 0 |t Acta Facultatis Educationis Physicae Universitatis Comenianae  |g Roč. 37, č. 37 (1995), s. 243-246 
954 |a odborná, vedecká literatúra pôvodná (slovenská)  |2 lita 
958 |a OND 
958 |a EUIPO 
958 |a article10 
999 |c 1982608  |d 1984538